Anuari Territorial de Catalunya, 2006
ISBN:
9788472839496
Descripción Física:
500 p. : il. ; 30 cm
MARC
| LEADER | 00000nam a2200000Ia 4500 | ||
|---|---|---|---|
| 001 | 24061 | ||
| 008 | 160829s2007 xx 000 0 cat d | ||
| 020 | |a 9788472839496 | ||
| 080 | |a Bib-143 | ||
| 245 | |a Anuari Territorial de Catalunya, 2006 | ||
| 260 | |a Barcelona : |b Societat Catalana d'Ordenació del Territori, |c 2007 | ||
| 300 | |a 500 p. : |b il. ; |c 30 cm | ||
| 590 | |a Inclou índexs | ||
| 650 | |a Ordenació del territori -- Catalunya |x 2006 |9 49394 | ||
| 650 | |a Catalunya |x Projectes – 2007 |9 49399 | ||
| 700 | 1 | |a Tarroja, Àlex |9 49396 | |
| 700 | |a Castañer i Vivas, Margarida |9 49397 | ||
| 700 | |a Mercadé, Montserrat I |9 49398 | ||
| 710 | 2 | |a Societat Catalana d'Ordenació del Territori |9 55539 | |
| 901 | |a Arxiu | ||
| 942 | |n 1 | ||
| 952 | |0 0 |1 0 |4 0 |6 BIB143 |7 1 |9 55301 |a Arxiu |b Arxiu |d 2016-12-01 |l 0 |o Bib-143 |p 24061 |r 2016-12-01 00:00:00 |w 2016-12-01 |y ARXIU | ||
| 952 | |0 0 |1 0 |2 udc |4 0 |5 2 |6 0582006_SCO |7 0 |8 BS |9 82418 |a BGR |b BGR |c MUNDET |d 2011-07-15 |o 058"2006" Sco |p BGR-M95011573 |r 2015-06-29 00:00:00 |w 2015-06-29 |y MON |0 0 |0 2 |0 1 | ||
| 999 | |c 59174 |d 59174 | ||